Psychology: An introduction. (Record no. 191)

MARC details
005 - DATE AND TIME OF LATEST TRANSACTION
control field 20250618134819.0
020 ## - INTERNATIONAL STANDARD BOOK NUMBER
International Standard Book Number 978-0-07-353198-4
082 ## - DEWEY DECIMAL CLASSIFICATION NUMBER
Classification number 150 LAH
100 ## - MAIN ENTRY--PERSONAL NAME
Author name LAHEY, B.B.
245 ## - TITLE STATEMENT
Title Psychology: An introduction.
250 ## - EDITION STATEMENT
Edition statement 10th Ed.
260 ## - PUBLICATION, DISTRIBUTION, ETC.
Place of publication, distribution, etc. New York,
Name of publisher, distributor, etc. Mc Graw Hill,
Date of publication, distribution, etc. 2009.
300 ## - PHYSICAL DESCRIPTION
Extent xxxii, 610p.: ill.; figure, graph, picture, table.
Other physical details Bibliography & Index
Dimensions 28cm
856 ## - ELECTRONIC LOCATION AND ACCESS
Link text Access online book
Electronic name Psychology
Path www.mhhe.com
942 ## - ADDED ENTRY ELEMENTS (KOHA)
Source of classification or shelving scheme Dewey Decimal Classification
Koha item type Books
Holdings
Date last seen Total checkouts Full call number Barcode Cost, replacement price Price effective from Koha item type Lost status Source of classification or shelving scheme Damaged status Not for loan Withdrawn status Home library Current library Shelving location Date acquired Cost, normal purchase price
03/07/2025   150 LAH 000000484 120000.00 03/07/2025 Books   Dewey Decimal Classification       College of Business Education Main Library College of Business Education Main Library General Collection 03/07/2025 40000.00
03/07/2025   150 LAH 000000485 120000.00 03/07/2025 Books   Dewey Decimal Classification       College of Business Education Main Library College of Business Education Main Library General Collection 03/07/2025 40000.00
03/07/2025   150 LAH 000000486 120000.00 03/07/2025 Books   Dewey Decimal Classification       College of Business Education Main Library College of Business Education Main Library General Collection 03/07/2025 40000.00
03/07/2025   150 LAH 000000487 120000.00 03/07/2025 Books   Dewey Decimal Classification       College of Business Education Main Library College of Business Education Main Library General Collection 03/07/2025 40000.00
03/07/2025   150 LAH 000000488 120000.00 03/07/2025 Books   Dewey Decimal Classification       College of Business Education Main Library College of Business Education Main Library General Collection 03/07/2025 40000.00
03/07/2025   150 LAH 000000489 120000.00 03/07/2025 Books   Dewey Decimal Classification       College of Business Education Main Library College of Business Education Main Library General Collection 03/07/2025 40000.00
03/07/2025   150 LAH 000000490 120000.00 03/07/2025 Books   Dewey Decimal Classification       College of Business Education Main Library College of Business Education Main Library General Collection 03/07/2025 40000.00
03/07/2025   150 LAH 000000491 120000.00 03/07/2025 Books   Dewey Decimal Classification       College of Business Education Main Library College of Business Education Main Library General Collection 03/07/2025 40000.00
03/07/2025   150 LAH 000000492 120000.00 03/07/2025 Books   Dewey Decimal Classification       College of Business Education Main Library College of Business Education Main Library General Collection 03/07/2025 40000.00
03/07/2025   150 LAH 000000493 120000.00 03/07/2025 Books   Dewey Decimal Classification       College of Business Education Main Library College of Business Education Main Library General Collection 03/07/2025 40000.00